| Поле | Название | Значение |
| |
Тип записи |
a |
| |
Библиографический уровень |
m |
| 001 |
Контрольный номер |
RU/URAIT/586306 |
| 005 |
Дата корректировки |
20260429163607.6 |
| 008 |
Кодируемые данные |
260429s2026 RU y f j 000 0 rus u |
| 020 |
Индекс ISBN |
__ |
| a |
ISBN |
978-5-534-07970-8 |
| c |
Цена, тираж |
1049.00 |
| 040 |
Источник каталогиз. |
__ |
| a |
Служба первич. каталог. |
ИКО Юрайт |
| c |
Служба, преобразующая запись |
ИКО Юрайт |
| e |
Правила каталог. |
RCR |
| 041 |
Код языка издания |
__ |
| a |
Код языка текста |
rus |
| 044 |
Код страны публикации |
__ |
| a |
Код страны публикации |
RU |
| 080 |
Индекс УДК |
__ |
| a |
Индекс УДК |
159.923(075.8) |
| 084 |
Индекс другой классификации/Индекс ББК |
__ |
| 2 |
Источник индекса |
rubbk |
| a |
Индекс другой классификации/Индекс ББК |
88.3я73 |
| 100 |
Автор |
__ |
| a |
Автор |
Руденский Е. В. |
| q |
Полное имя |
Руденский Евгений Владимирович |
| 245 |
Заглавие |
__ |
| a |
Заглавие |
Психология ненормативного развития личности |
| b |
Продолж. заглавия |
учебник для вузов |
| c |
Ответственность |
Е. В. Руденский. |
| 256 |
Характеристики компьютерного файла |
__ |
| a |
Характеристики компьютерного файла |
Электрон. дан. |
| 260 |
Выходные данные |
__ |
| a |
Место издания |
Москва |
| b |
Издательство |
Юрайт |
| c |
Дата издания |
2026 |
| 300 |
Физическое описание |
__ |
| a |
Объем |
177 с |
| 440 |
Серия |
__ |
| a |
Серия |
Высшее образование |
| 500 |
Примечания |
__ |
| a |
Примечание |
URL: https://urait.ru/bcode/586306 (дата обращения: 29.04.2026). |
| 520 |
Аннотация |
__ |
| a |
Аннотация |
«Психология ненормативного развития личности. Введение в психологическую теорию дефицитной деформации развития личности» одна из шести работ Е. В. Руденского, которые были написаны автором для обоснования социально-генетической концепции социально-психологической виктимологии личности инновационной социально-психологической теории развития на базе которой формируется новая модель социально-психологической практики социальная терапия виктимности и концепция виктимогенной девиантности подростка. Оригинальность подхода Е. В. Руденского состоит в том, что он обосновывает понимание культурногенетического дефекта развития как источника критических ситуаций в жизни личности (стрессов, конфликтов, кризисов, фрустраций и диссонансов) и формирования виктимогенной дивиантности. Одновременно с разработкой феноменологии дефицитной патологии развития основное внимание концентрируется на психологии ненормативного развития и семье как патогенной интерактивной системе. |
| 538 |
Прим. о системных особенностях |
__ |
| a |
Прим. о системных особенностях |
Режим доступа: Электронно-библиотечная система Юрайт, для авториз. пользователей |
| 653 |
Ключевые слова |
__ |
| a |
Ключевые слова |
Специальная педагогика и психология. Дефектология. Логопедия |
| 653 |
Ключевые слова |
__ |
| a |
Ключевые слова |
Педагогика, психология, социальная работа |
| 653 |
Ключевые слова |
__ |
| a |
Ключевые слова |
Психология девиантного поведения |
| 653 |
Ключевые слова |
__ |
| a |
Ключевые слова |
Психология девиантного подростка |
| 653 |
Ключевые слова |
__ |
| a |
Ключевые слова |
Психология девиантного поведения детей и подростков |
| 653 |
Ключевые слова |
__ |
| a |
Ключевые слова |
Психология ненормативного развития личности |
| 653 |
Ключевые слова |
__ |
| a |
Ключевые слова |
Психология девиантного поведения и его профилактика в служебных подразделениях |
| 653 |
Ключевые слова |
__ |
| a |
Ключевые слова |
Психология девиантного поведения детей |
| 653 |
Ключевые слова |
__ |
| a |
Ключевые слова |
Психология девиантного поведения с практикумом |
| 653 |
Ключевые слова |
__ |
| a |
Ключевые слова |
Психология девиантного и аддиктивного поведения детей и подростков |
| 653 |
Ключевые слова |
__ |
| a |
Ключевые слова |
Дети и подростки с ненормативными показателями развития и поведения |
| 653 |
Ключевые слова |
__ |
| a |
Ключевые слова |
Психология девиантного и делинквентного поведения личности |
| 653 |
Ключевые слова |
__ |
| a |
Ключевые слова |
Психология девиантного развития и поведения |
| 653 |
Ключевые слова |
__ |
| a |
Ключевые слова |
Психология девиантного поведения, основы психодиагностики |
| 653 |
Ключевые слова |
__ |
| a |
Ключевые слова |
Психология девиантного и делинквентного поведения |
| 856 |
Электронный адрес документа |
40 |
| n |
Местонахождение сервера |
Юрайт |
| g |
|
Электронная книга |
| q |
Тип электронного формата |
html |
| h |
Имя пользователя |
ЮРАЙТ |
| v |
Часы доступа к ресурсу |
20271231 |
| 2 |
Способ доступа |
Показать документ |
| x |
Служебное примечание |
https://urait.ru/book/cover/25EDC574-44F6-4DAB-8AA3-34D8A6BF7D9C |
| u |
URL |
https://urait.ru/bcode/586306 |
| 856 |
Электронный адрес документа |
48 |
| q |
Тип электронного формата |
cover |
| u |
URL |
https://urait.ru/book/cover/25EDC574-44F6-4DAB-8AA3-34D8A6BF7D9C |
| 911 |
|
__ |
| u |
|
0030=https://urait.ru/bcode/586306 |
| 911 |
|
__ |
| u |
|
073a=9785534079708 |
| u |
|
073d=1049.00 |
| 911 |
|
__ |
| u |
|
106a=s |
| 911 |
|
__ |
| u |
|
900l= |
| 952 |
Тип литературы |
__ |
| i |
Дисциплина |
Психология девиантного поведения |
| 952 |
Тип литературы |
__ |
| i |
Дисциплина |
Психология девиантного подростка |
| 952 |
Тип литературы |
__ |
| i |
Дисциплина |
Психология девиантного поведения детей и подростков |
| 952 |
Тип литературы |
__ |
| i |
Дисциплина |
Психология ненормативного развития личности |
| 952 |
Тип литературы |
__ |
| i |
Дисциплина |
Психология девиантного поведения и его профилактика в служебных подразделениях |
| 952 |
Тип литературы |
__ |
| i |
Дисциплина |
Психология девиантного поведения детей |
| 952 |
Тип литературы |
__ |
| i |
Дисциплина |
Психология девиантного поведения с практикумом |
| 952 |
Тип литературы |
__ |
| i |
Дисциплина |
Психология девиантного и аддиктивного поведения детей и подростков |
| 952 |
Тип литературы |
__ |
| i |
Дисциплина |
Дети и подростки с ненормативными показателями развития и поведения |
| 952 |
Тип литературы |
__ |
| i |
Дисциплина |
Психология девиантного и делинквентного поведения личности |
| 952 |
Тип литературы |
__ |
| i |
Дисциплина |
Психология девиантного развития и поведения |
| 952 |
Тип литературы |
__ |
| i |
Дисциплина |
Психология девиантного поведения, основы психодиагностики |
| 952 |
Тип литературы |
__ |
| i |
Дисциплина |
Психология девиантного и делинквентного поведения |